00426cam a2200169ua 45000010005000000080039000050200018000440400009000620820011000711000025000822450044001072500009001512600035001603000017001956530014002126530030002262064110806n ii |||gr||||Z||||||asm a81-85905-47-9 cMAIN a370.54 aDevi, Ranu,eAuthor.1 aBharatar shikshar samasyacby Ranu Devi a1st. aGuahati:bStudents stores,993. a184p:c23cm. aEducation aBharatar shikshar samasya